Principales mercados de las obras de carpinteria para edificios y construcciones (Registro nro. 6299)

Detalles MARC
000 -LEADER
fixed length control field 00892 a2200205 4500
001 - CONTROL NUMBER
control field 57790
005 - DATE AND TIME OF LATEST TRANSACTION
control field 20260407155838.0
008 - FIXED-LENGTH DATA ELEMENTS--GENERAL INFORMATION
fixed length control field 260407a1985 arg spa d
003 - CONTROL NUMBER IDENTIFIER
control field AR-UNSa-BCEJYS
040 ## - CATALOGING SOURCE
Original cataloging agency AR-UNSa-BCEJYS
Language of cataloging spa
Transcribing agency AR-UNSa-BCEJYS
080 ## - UNIVERSAL DECIMAL CLASSIFICATION NUMBER
Universal Decimal Classification number 674
Common auxiliary subdivision Madera e industria de la madera
041 ## - LANGUAGE CODE
Language code of text/sound track or separate title spa
100 1# - MAIN ENTRY--PERSONAL NAME
Personal name Centro de Comercio Internacional (CCI)
245 10 - TITLE STATEMENT
Title Principales mercados de las obras de carpinteria para edificios y construcciones
264 #1 - PRODUCTION, PUBLICATION, DISTRIBUTION, MANUFACTURE, AND COPYRIGHT NOTICE
Place of production, publication, distribution, manufacture Ginegra :
Name of producer, publisher, distributor, manufacturer CCI (Centro de Comercio Internacional)
Date of production, publication, distribution, manufacture, or copyright notice 1985
300 ## - PHYSICAL DESCRIPTION
Extent 190 p.
Dimensions 23 cm.
505 ## - FORMATTED CONTENTS NOTE
Formatted contents note 1. Descripción general del mercado y principales recomendaciones sobre comercialización – 2. Bélgica – Luxemburgo – 3. Francia – 4. República Federal de Alemania – 5. Países Bajos – 6. Reino Unido – 7. Estados Unidos de América
590 ## - LOCAL NOTE (RLIN)
Local note niveau_biblio:m niveau_hierar:0
942 ## - ADDED ENTRY ELEMENTS (KOHA)
Koha item type
Existencias
Withdrawn status Lost status Damaged status Not for loan Home library Current library Shelving location Date acquired Total checkouts Full call number Barcode Date last seen Price effective from Koha item type
        Biblioteca Prof. Eusebio Cleto del Rey Biblioteca Prof. Eusebio Cleto del Rey   07/04/2026   674 C397p L128874 07/04/2026 07/04/2026 Libro